Crafting and executing stategy: the quest for competative advantage : (Record no. 14360)

000 -LEADER
fixed length control field 00796nam a22002177a 4500
008 - FIXED-LENGTH DATA ELEMENTS--GENERAL INFORMATION
fixed length control field 160930b xxu||||| |||| 00| 0 eng d
020 ## - INTERNATIONAL STANDARD BOOK NUMBER
International Standard Book Number 9780078112720
050 ## - LIBRARY OF CONGRESS CALL NUMBER
Classification number HD 30.28 .T53 2012
100 ## - MAIN ENTRY--PERSONAL NAME
Personal name Thompson, Arthur A.
245 ## - TITLE STATEMENT
Title Crafting and executing stategy: the quest for competative advantage :
Remainder of title concepts and cases/
Statement of responsibility, etc. Arthur A. Thompson, Margaret A. Peteraf ,John E. Gamble and A.J.Strickland III
250 ## - EDITION STATEMENT
Edition statement 18th ed.
260 ## - PUBLICATION, DISTRIBUTION, ETC. (IMPRINT)
Place of publication, distribution, etc. New York :
Name of publisher, distributor, etc. McGraw Hill,
Date of publication, distribution, etc. 2012
300 ## - PHYSICAL DESCRIPTION
Extent xlvii, 417p. :
Other physical details ill. ;
500 ## - GENERAL NOTE
General note includes index.
650 ## - SUBJECT ADDED ENTRY--TOPICAL TERM
Topical term or geographic name as entry element Strategic planning
650 ## - SUBJECT ADDED ENTRY--TOPICAL TERM
Topical term or geographic name as entry element Strategic planning
General subdivision Case studies
700 ## - ADDED ENTRY--PERSONAL NAME
Personal name Peteraf, Margaret A.
700 ## - ADDED ENTRY--PERSONAL NAME
Personal name Gamble, John E.
700 ## - ADDED ENTRY--PERSONAL NAME
Personal name Strickland III A.J.
942 ## - ADDED ENTRY ELEMENTS (KOHA)
Source of classification or shelving scheme
Koha item type Hard Covered Materials
Classification part HD 30.28 .T53 2012
Holdings
Withdrawn status Lost status Source of classification or shelving scheme Damaged status Not for loan Home library Current library Shelving location Date acquired Source of acquisition Total Checkouts Full call number Barcode Date last seen Price effective from Koha item type
          MACHAKOS UNIVERSITY LIBRARY MACHAKOS UNIVERSITY LIBRARY Open shelf 30/09/2016 Donation (BFA)   HD 30.28 .T53 2012 24957 07/06/2019 30/09/2016 Hard Covered Materials
© Machakos University Library, Along The Highway, Machakos Wote Rd, Machakos, Kenya P.O. Box 136 - 90100 Machakos - Kenya

Tel: ( +254 ) 723 805829 OR Fax : 044-20353 OR Email: library@mksu.ac.ke